The Emergence of Social Enterprise /
Conjunto de trabajos que informan los resultados de investigaciones socioeconómicas en la Comunidad Europea y sus países miembros, como parte de un programa de trabajo interdisciplinario e internacional en el cual se trabajó desde 1996 hasta 1999 sobre el naciomiento de empresas sociales en Europa.
Gespeichert in:
| 1. Verfasser: | |
|---|---|
| Weitere Verfasser: | |
| Format: | Buch |
| Sprache: | Englisch |
| Veröffentlicht: |
Londres, Inglaterra :
Routledge,
2001, c2001
|
| Schriftenreihe: | (Routledge Studies in The Management of Voluntary and Non-Profit Organizations)
|
| Schlagworte: | |
| Tags: |
Keine Tags, Fügen Sie das erste Tag hinzu!
|
MARC
| LEADER | 00000nam^a2200000^a^4500 | ||
|---|---|---|---|
| 001 | 000182906 | ||
| 005 | 20250521000000.0 | ||
| 009 | 20260310102024.211 | ||
| 020 | |a 0-415-33921-9 | ||
| 037 | |a Acervo ITESO - Biblioteca | ||
| 041 | |a ING | ||
| 082 | |a 361. 760940 |b BOR | ||
| 100 | |a Borzaga, Carlo |e (ed.) | ||
| 245 | 1 | 4 | |a The Emergence of Social Enterprise / |c Ed. de C. Borzaga, J. Defourny ; colaboración de Sofie Adam, John Callaghan. |
| 264 | 4 | |a Londres, Inglaterra : |b Routledge, |c 2001, c2001 | |
| 300 | |a XI, 383 p. | ||
| 336 | |a texto |b txt |2 rdacontenido | ||
| 337 | |a sin mediación |b n |2 rdamedio | ||
| 338 | |a volumen |b nc |2 rdasoporte | ||
| 440 | 1 | |a (Routledge Studies in The Management of Voluntary and Non-Profit Organizations) | |
| 520 | |a Conjunto de trabajos que informan los resultados de investigaciones socioeconómicas en la Comunidad Europea y sus países miembros, como parte de un programa de trabajo interdisciplinario e internacional en el cual se trabajó desde 1996 hasta 1999 sobre el naciomiento de empresas sociales en Europa. | ||
| 649 | |a XX | ||
| 650 | |a Niños - |z Austria - |x Cuidado e Higiene | ||
| 650 | |a Instituciones de Beneficencia - |z Europa - |x Adminsitración | ||
| 650 | |a Organizaciones No Gubernamentales - |z Europa - |x Administración | ||
| 650 | |a Desarrollo Económico-Social - |z Dinamarca | ||
| 650 | |a Empleo y Desempleo - |x Finlandia | ||
| 650 | |a Cooperativas - |z Finlandia | ||
| 650 | |a Trabajo Temporal - |z Francia | ||
| 650 | |a Beneficencia - |z Grecia | ||
| 650 | |a Desarrollo Regional - |z Irlanda | ||
| 650 | |a Cooperativas - |z Italia | ||
| 650 | |a Discapacitados - |z Portugal - |x Condiciones Laborales | ||
| 650 | |a Discapacitados - |z Portugal - |x Condiciones Sociales y Culturales | ||
| 650 | |a Redes Sociales - |z Europa | ||
| 650 | |a Motivación - |z Europa | ||
| 650 | |a Proceso Administrativo - |z Europa | ||
| 650 | |a Administración Financiera - |z Europa | ||
| 650 | |a Estructura Económica - |z Europa | ||
| 650 | |a Política Social - |z Europa | ||
| 650 | |a Política Económica - |z Europa | ||
| 700 | |a Defourny, Jacques |e (edición) | ||
| 910 | |a Fondo General | ||
| 920 | |a Impresos - Libros | ||
| 930 | |a Colección General | ||
| 905 | |a 101 | ||
| 901 | |a 0500123116 |b IT1 |c ACC |u 20250521 | ||
| 902 | |a https://opac.biblio.iteso.mx/vufind/Record/000182906 | ||